000 01594nam a2200217Ia 4500
999 _c52734
_d52734
001 19760
003 GE_BSU
005 20200420205556.0
008 181216s2016||||ge |||||||||||||| ||geo||
040 _cGE_BSU
041 _ageo
080 _a347.991(479.22) ს-32
245 _aსაქართველოს უზენაესი სასამართლოს მნიშვნელოვანი განმარტებანი /
_cშეადგინა და დაამუშავა თამთა მეშველაშვილმა ; კრებულზე მუშაობდნენ : ლიანა ლომიძე, თამთა მეშველაშვილი, რუსუდან ჭანტურიძე [და სხვ.] ; რედაქტორი სანდრო ჯორბენაძე ; ყდის დიზაინი მარიკა მაღალაშვილი.
264 _aთბილისი :
_bსაქრთველოს უზენაესი სასამართლო,
_c2016.
300 _a216 გვ. ;
_c29 სმ.
653 _aსამართალი
653 _aსაქართველოს უზენაესი სასამართლოს მნიშვნელოვანი განმარტებანი
700 _aჯორბენაძე, სანდრო
_eრედაქტორი
_97936
700 _aმაღალაშვილი, მარიკა
_eყდის დიზაინი
_97937
942 _cBK
_2udc